| 000 | 01082nac a22004330a 4500 | ||
|---|---|---|---|
| 001 | PT54354 | ||
| 003 | AR-LpoUNG | ||
| 005 | 20210201005529.0 | ||
| 008 | 201001s1995||||sp |||||||||||||||||spa d | ||
| 020 |
_a8475839886 _c$28 |
||
| 040 |
_aAR-LpoUNG _bspa _eaacr |
||
| 041 | _aspa | ||
| 044 | _asp | ||
| 082 | 0 | _aR909 794fra-v1 | |
| 100 | 1 | _aArdagh, John | |
| 245 | 1 | 0 |
_aFrancia : _buna civilización esencial |
| 260 |
_aBarcelona : _bFolio, _c1995. |
||
| 300 |
_a132 p. : _bil., mapas, gráfs., fot. _3Impreso |
||
| 490 | 0 | _aAtlas culturales del mundo | |
| 650 | 4 | _aANALISIS HISTORICO | |
| 650 | 4 | _aARTE | |
| 650 | 4 | _aASPECTOS GEOGRAFICOS | |
| 650 | 4 | _aATLAS | |
| 650 | 4 | _aCIVILIZACION | |
| 650 | 4 | _aCULTURA | |
| 650 | 4 | _aEUROPA | |
| 650 | 4 | _aFACTORES CULTURALES | |
| 650 | 4 | _aFRANCIA | |
| 650 | 4 | _aHISTORIA | |
| 650 | 4 | _aHISTORIA POLITICA | |
| 650 | 4 | _aMATERIAL DE REFERENCIA | |
| 650 | 4 | _aREVOLUCION | |
| 650 | 4 | _aSOCIEDAD | |
| 651 | 4 | _aMundial | |
| 700 | 1 | _aJones, Colin | |
| 700 | 1 |
_aTena, Pedro _etr. |
|
| 905 | _a54354 | ||
| 942 | _cLSALA | ||
| 999 |
_c50090 _d50090 |
||